000 00621nas a2200229Ia 4500
001 A03/R024-42875
003 IT-MiCISF
005 20250707135754.0
008 161014c99999999xx |||||||||||| ||und||
040 _aIT-MiCISF
_cIT-MiCISF
041 _ait
100 _aAmbrosini Maurizio
_956452
245 0 _aProfessione: assistente domiciliare
250 _a"Famiglia oggi", n. 11, novembre
260 _c2006
300 _app. 81-85
500 _aanziani, cura, famiglia-migranti, assistenza-domiciliare
650 _aservizi-alla-persona
_959367
654 _aarticolo
942 _cCR
_2ddc
999 _c227892
_d227892
999 _bSi